Famous People Named Wood - Statistics

General Stats
  • This quiz has been taken 189 times
    55 since last reset
  • The average score is 9 of 15
Answer Stats
Life Hint Person % Correct
1856–1924 U.S. President Woodrow Wilson
94%
1975– Regarded as one of the greatest golfers Tiger Woods
82%
1935 Annie Hall, Sleeper, and Zelig director Woody Allen
82%
1981– Frodo in The Lord of the Rings Elijah Wood
78%
Fictional Snoopy's best friend Woodstock
65%
1961– Actor in Cheers and White Men Can't Jump Woody Harrelson
65%
1912–1967 Folk musician of "This Land Is Your Land" Woody Guthrie
61%
1930– Acted as the "Man with No Name" and in Dirty Harry Clint Eastwood
59%
1938–1981 Rebel Without a Cause and West Side Story actress Natalie Wood
57%
1939– Wrote The Handmaid's Tale Margaret Atwood
53%
1947– Rolling Stones member since 1975 Ronnie Wood
51%
Fictional Anthropomorphic bird, mascot of Universal Studios Woody Woodpecker
47%
1947– Videodrome, Salvador, voice of Hades in Hercules James Woods
43%
1924–1978 Director of Plan 9 from Outer Space Ed Wood
35%
Fictional President in House of Cards Frank Underwood
16%
No matching quizzes found
Score Distribution
Percent of People with Each Score
Percentile by Number Answered
Your Score History
You have not taken this quiz since the last reset